NBA One Team Players - Statistics

General Stats
  • This quiz has been taken 12 times
  • The average score is 18 of 24
Answer Stats
Years Team Answer % Correct
1979-1992 Celtics Larry Bird
100%
2009- Warriors Stephen Curry
100%
1998-2019 Mavericks Dirk Nowitzki
92%
2016- Celtics Jaylen Brown
92%
2017- Celtics Jayson Tatum
92%
2014- 76ers Joel Embiid
92%
1996-2016 Lakers Kobe Bryant
92%
2015- Nuggets Nikola Jokic
92%
1997-2016 Spurs Tim Duncan
92%
2015- Suns Devin Booker
83%
2012- Warriors Draymond Green
83%
1981-1994 Pistons Isiah Thomas
83%
1984-2003 Jazz John Stockton
83%
1979-1996 Lakers Magic Johnson
83%
1987-2005 Pacers Reggie Miller
75%
1956-1969 Celtics Bill Russell
67%
1989-2003 Spurs David Robinson
67%
1960-1974 Lakers Jerry West
67%
2002-2018 Spurs Manu Ginobili
58%
2002-2011 Rockets Yao Ming
58%
1982-1994 Lakers James Worthy
42%
1985-1999 Pistons Joe Dumars
42%
1980-1993 Celtics Kevin Mchale
42%
2003-2023 Heat Udonis Haslem
33%
No matching quizzes found
Score Distribution
Percent of People with Each Score
Percentile by Number Answered
Your Score History
You have not taken this quiz